<?xml version="1.0" encoding="UTF-8"?>
<record
    xmlns:xsi="http://www.w3.org/2001/XMLSchema-instance"
    xsi:schemaLocation="http://www.loc.gov/MARC21/slim http://www.loc.gov/standards/marcxml/schema/MARC21slim.xsd"
    xmlns="http://www.loc.gov/MARC21/slim">

  <leader>00378nam a22001457a 4500</leader>
  <controlfield tag="003">dpl</controlfield>
  <controlfield tag="005">20251028140535.0</controlfield>
  <controlfield tag="008">251028b        |||||||| |||| 00| 0 eng d</controlfield>
  <datafield tag="245" ind1=" " ind2=" ">
    <subfield code="a">Brides Today</subfield>
    <subfield code="c">edited by Aroon Purie</subfield>
  </datafield>
  <datafield tag="260" ind1=" " ind2=" ">
    <subfield code="a">New Delhi I</subfield>
    <subfield code="b">Living Media India Ltd.</subfield>
    <subfield code="c">Sep 2025</subfield>
  </datafield>
  <datafield tag="300" ind1=" " ind2=" ">
    <subfield code="a">VOI.7 NO.2</subfield>
  </datafield>
  <datafield tag="310" ind1=" " ind2=" ">
    <subfield code="a">Monthly</subfield>
  </datafield>
  <datafield tag="362" ind1=" " ind2=" ">
    <subfield code="a">Sep 2025</subfield>
  </datafield>
  <datafield tag="942" ind1=" " ind2=" ">
    <subfield code="2">ddc</subfield>
    <subfield code="c">SR</subfield>
    <subfield code="m">BRI</subfield>
    <subfield code="s">1</subfield>
  </datafield>
  <datafield tag="999" ind1=" " ind2=" ">
    <subfield code="c">213680</subfield>
    <subfield code="d">213680</subfield>
  </datafield>
  <datafield tag="952" ind1=" " ind2=" ">
    <subfield code="0">0</subfield>
    <subfield code="1">0</subfield>
    <subfield code="2">ddc</subfield>
    <subfield code="4">0</subfield>
    <subfield code="7">1</subfield>
    <subfield code="8">NFIC</subfield>
    <subfield code="a">DBAD</subfield>
    <subfield code="b">DBAD</subfield>
    <subfield code="c">DISPLAY</subfield>
    <subfield code="d">2025-10-28</subfield>
    <subfield code="e">DBAD</subfield>
    <subfield code="l">0</subfield>
    <subfield code="o">BRI</subfield>
    <subfield code="r">2025-10-28 00:00:00</subfield>
    <subfield code="w">2025-10-28</subfield>
    <subfield code="y">SR</subfield>
  </datafield>
</record>
